[Event "MP do 16 lat - chlopcy"]
[Site "Sypniewo"]
[Date "2022.03.24"]
[Round "6.3"]
[White "Wojdak, Jan"]
[Black "Chyzy, Jakub"]
[Result "1-0"]
[BlackElo "2227"]
[WhiteElo "2143"]
[LiveChessVersion "1.4.8"]

1. e4 {[%clk 1:30:57]} e5 {[%clk 1:30:57]} 2. Nf3 {[%clk 1:31:16]} Nc6
{[%clk 1:31:23]} 3. Bb5 {[%clk 1:31:30]} a6 {[%clk 1:31:49]} 4. Ba4
{[%clk 1:31:54]} d6 {[%clk 1:32:13]} 5. c3 {[%clk 1:29:19]} f5 {[%clk 1:32:27]}
6. d3 {[%clk 1:10:59]} Nf6 {[%clk 1:32:34]} 7. Nbd2 {[%clk 1:07:37]} Be7
{[%clk 1:32:44]} 8. Bb3 {[%clk 0:51:35]} d5 {[%clk 1:27:01]} 9. Qe2
{[%clk 0:50:18]} fxe4 {[%clk 0:51:58]} 10. dxe4 {[%clk 0:50:37]} dxe4
{[%clk 0:47:48]} 11. Nxe4 {[%clk 0:37:59]} Bf5 {[%clk 0:44:48]} 12. Bc2
{[%clk 0:31:12]} O-O {[%clk 0:42:15]} 13. Nxf6+ {[%clk 0:28:02]} Rxf6
{[%clk 0:42:44]} 14. Bxf5 {[%clk 0:28:17]} Rxf5 {[%clk 0:43:13]} 15. Qe4
{[%clk 0:27:25]} Qd7 {[%clk 0:41:46]} 16. Be3 {[%clk 0:26:35]} Raf8
{[%clk 0:42:01]} 17. Rd1 {[%clk 0:24:51]} Bd6 {[%clk 0:40:21]} 18. Nd2
{[%clk 0:23:38]} Kh8 {[%clk 0:32:52]} 19. O-O {[%clk 0:23:33]} Qe6
{[%clk 0:30:28]} 20. Qc4 {[%clk 0:20:38]} Qg6 {[%clk 0:29:42]} 21. Ne4
{[%clk 0:20:53]} h5 {[%clk 0:24:13]} 22. Qd3 {[%clk 0:18:03]} h4 {[%clk 0:22:28]}
23. h3 {[%clk 0:17:05]} Be7 {[%clk 0:13:45]} 24. Kh1 {[%clk 0:16:22]} Qf7
{[%clk 0:02:30]} 25. b3 {[%clk 0:10:54]} g5 {[%clk 0:01:58]} 26. Qe2
{[%clk 0:08:53]} Qg6 {[%clk 0:01:27]} 27. f3 {[%clk 0:07:46]} R5f7
{[%clk 0:00:55]} 28. Bc1 {[%clk 0:04:05]} Nd8 {[%clk 0:00:31]} 29. Nf2
{[%clk 0:04:21]} Bd6 {[%clk 0:00:38]} 30. Qe4 {[%clk 0:04:15]} Rf5
{[%clk 0:00:32]} 31. Ng4 {[%clk 0:03:49]} Ne6 {[%clk 0:00:46]} 32. Be3
{[%clk 0:01:59]} Qg7 {[%clk 0:00:37]} 33. Qxb7 {[%clk 0:02:06]} Nf4
{[%clk 0:00:46]} 34. Bxf4 {[%clk 0:02:11]} Rxf4 {[%clk 0:01:06]} 35. Rfe1
{[%clk 0:02:14]} e4 {[%clk 0:00:59]} 36. Rxe4 {[%clk 0:02:22]} Qxc3
{[%clk 0:00:33]} 37. Rxf4 {[%clk 0:01:58]} Rxf4 {[%clk 0:00:35]} 38. Qd5
{[%clk 0:01:16]} Qc2 {[%clk 0:00:37]} 39. Re1 {[%clk 0:01:24]} Qg6
{[%clk 0:00:34]} 40. Qa8+ {[%clk 0:30:55]} Kh7 {[%clk 0:30:33]} 41. Qxa6
{[%clk 0:23:50]} Qf5 {[%clk 0:27:22]} 42. Qc6 {[%clk 0:22:24]} Rd4
{[%clk 0:25:43]} 43. Qe8 {[%clk 0:20:14]} Rd2 {[%clk 0:14:02]} 44. Qh5+
{[%clk 0:15:17]} Kg7 {[%clk 0:14:19]} 45. Qh6+ {[%clk 0:15:38]} Kf7
{[%clk 0:14:05]} 46. Qh8 {[%clk 0:14:16]} Re2 {[%clk 0:14:05]} 47. Qc3
{[%clk 0:07:25]} Qc2 {[%clk 0:08:49]} 48. Qf6+ {[%clk 0:06:52]} Ke8
{[%clk 0:09:01]} 49. Rxe2+ {[%clk 0:05:53]} Qxe2 {[%clk 0:09:30]} 50. Qg6+
{[%clk 0:05:39]} Kd7 {[%clk 0:07:02]} 51. Qf5+ {[%clk 0:06:04]} Kd8
{[%clk 0:03:24]} 52. Qb1 Ba3 {[%clk 0:00:39]} 53. Nf6 {[%clk 0:03:54]} Qd2
{[%clk 0:00:32]} 54. Ne4 {[%clk 0:02:33]} Qe3 {[%clk 0:00:39]} 55. Qd1+
{[%clk 0:02:20]} Kc8 {[%clk 0:00:47]} 56. Qd2 {[%clk 0:02:43]} Qxd2
{[%clk 0:00:32]} 57. Nxd2 {[%clk 0:03:09]} Bc5 {[%clk 0:00:39]} 58. Ne4
{[%clk 0:02:56]} Be3 {[%clk 0:01:03]} 59. g3 {[%clk 0:02:33]} Kd7
{[%clk 0:00:41]} 60. Kg2 {[%clk 0:02:31]} Ke6 {[%clk 0:00:32]} 61. gxh4
{[%clk 0:01:45]} gxh4 {[%clk 0:00:56]} 62. Kf1 {[%clk 0:02:14]} Ke5
{[%clk 0:00:52]} 63. Ke2 {[%clk 0:02:39]} Ba7 {[%clk 0:00:52]} 64. a4
{[%clk 0:00:53]} Bb6 {[%clk 0:00:33]} 65. b4 {[%clk 0:00:44]} Kd4
{[%clk 0:00:37]} 66. a5 {[%clk 0:00:46]} Ba7 {[%clk 0:01:06]} 67. b5
{[%clk 0:00:51]} Kc4 {[%clk 0:00:52]} 68. Nd6+ {[%clk 0:00:35]} Kc5
{[%clk 0:00:32]} 69. Nc8 {[%clk 0:00:59]} Bb8 {[%clk 0:00:43]} 70. a6
{[%clk 0:01:14]} Kxb5 {[%clk 0:01:06]} 71. a7 {[%clk 0:01:41]} Bxa7
{[%clk 0:01:32]} 72. Nxa7+ {[%clk 0:02:08]} Kc5 {[%clk 0:01:55]} 73. Ke3
{[%clk 0:01:52]} Kd5 74. Ke4+ 1-0

[Event "MP do 16 lat - chlopcy"]
[Site "Sypniewo"]
[Date "2022.03.24"]
[Round "6.4"]
[White "Fiszer, Bartosz"]
[Black "Janeczko, Jakub"]
[Result "1/2-1/2"]
[BlackElo "2053"]
[WhiteElo "2226"]
[LiveChessVersion "1.4.8"]

1. e4 {[%clk 1:30:57]} c5 {[%clk 1:29:43]} 2. Nf3 {[%clk 1:31:20]} Nc6
{[%clk 1:30:07]} 3. d4 {[%clk 1:31:48]} cxd4 {[%clk 1:30:32]} 4. Nxd4
{[%clk 1:32:15]} e5 {[%clk 1:30:54]} 5. Nb5 {[%clk 1:32:31]} d6 {[%clk 1:31:19]}
6. N1c3 {[%clk 1:32:55]} a6 7. Na3 {[%clk 1:33:18]} Be6 {[%clk 1:32:10]} 8. Nc4
{[%clk 1:33:16]} Rb8 {[%clk 1:32:31]} 9. a4 {[%clk 1:33:20]} Nb4 {[%clk 1:32:25]}
10. a5 {[%clk 1:31:25]} Nf6 {[%clk 1:17:22]} 11. Bg5 {[%clk 1:19:38]} d5
{[%clk 1:08:35]} 12. exd5 {[%clk 1:14:28]} Nbxd5 {[%clk 1:04:14]} 13. Bxf6
{[%clk 1:02:17]} gxf6 {[%clk 1:04:05]} 14. Nxd5 {[%clk 1:02:11]} Qxd5
{[%clk 1:01:59]} 15. Qxd5 {[%clk 1:01:17]} Bxd5 {[%clk 1:02:25]} 16. Ne3
{[%clk 1:00:10]} Bc6 {[%clk 0:53:52]} 17. Bc4 {[%clk 0:46:31]} Bc5
{[%clk 0:48:49]} 18. Nd5 {[%clk 0:41:25]} Rd8 {[%clk 0:29:50]} 19. Nxf6+
{[%clk 0:25:23]} Ke7 {[%clk 0:29:50]} 20. Ng4 {[%clk 0:25:31]} Rd4
{[%clk 0:20:05]} 21. Be2 {[%clk 0:16:58]} Bxg2 {[%clk 0:16:11]} 22. Rg1
{[%clk 0:17:20]} Bh3 {[%clk 0:13:28]} 23. Nxe5 {[%clk 0:13:56]} Re4
{[%clk 0:07:38]} 24. Nd3 {[%clk 0:12:17]} Bd6 {[%clk 0:08:04]} 25. Kd1
{[%clk 0:09:04]} h5 {[%clk 0:07:41]} 26. Kd2 {[%clk 0:06:47]} Rd8
{[%clk 0:03:49]} 27. Bxh5 {[%clk 0:06:52]} Bxh2 {[%clk 0:03:32]} 28. Rge1
{[%clk 0:05:40]} Bf4+ {[%clk 0:03:32]} 29. Kd1 {[%clk 0:05:13]} Bf5
{[%clk 0:02:09]} 30. Bf3 {[%clk 0:04:38]} Rxe1+ {[%clk 0:02:25]} 31. Kxe1
{[%clk 0:05:06]} Bxd3 {[%clk 0:02:20]} 32. cxd3 {[%clk 0:05:33]} Rb8
{[%clk 0:01:39]} 33. Ra4 {[%clk 0:03:41]} Bd6 {[%clk 0:01:52]} 34. Bd5
{[%clk 0:01:19]} b6 {[%clk 0:02:02]} 35. axb6 {[%clk 0:01:33]} Rxb6
{[%clk 0:02:26]} 36. Re4+ {[%clk 0:01:28]} Kf6 {[%clk 0:02:43]} 37. b3
{[%clk 0:01:27]} Rb4 {[%clk 0:02:23]} 38. Bc4 {[%clk 0:01:18]} a5
{[%clk 0:02:12]} 39. Rh4 {[%clk 0:00:43]} Rb7 {[%clk 0:01:07]} 40. Rh6+
{[%clk 0:30:45]} Ke7 {[%clk 0:31:00]} 41. Bxf7 {[%clk 0:29:18]} Bf4
{[%clk 0:28:25]} 42. Rh5 {[%clk 0:28:42]} Rb4 {[%clk 0:24:45]} 43. Bc4
{[%clk 0:24:17]} a4 {[%clk 0:24:37]} 44. bxa4 {[%clk 0:24:25]} Rxa4
{[%clk 0:25:02]} 45. Rf5 {[%clk 0:24:18]} Bc7 {[%clk 0:24:24]} 46. Ke2
{[%clk 0:23:36]} Rb4 {[%clk 0:23:33]} 47. Rf7+ {[%clk 0:22:32]} Kd6
{[%clk 0:23:55]} 48. f4 {[%clk 0:22:23]} Bb6 {[%clk 0:23:26]} 49. Kf3
{[%clk 0:22:24]} Rb2 {[%clk 0:23:47]} 50. Ke4 {[%clk 0:19:49]} Re2+
{[%clk 0:24:11]} 51. Kf5 {[%clk 0:20:09]} Bd4 {[%clk 0:24:29]} 52. Rf8
{[%clk 0:16:02]} Ke7 {[%clk 0:24:29]} 53. Rb8 {[%clk 0:15:46]} Rb2
{[%clk 0:24:18]} 54. Rc8 {[%clk 0:15:35]} Re2 {[%clk 0:23:54]} 55. Bd5
{[%clk 0:13:50]} Kd6 {[%clk 0:22:59]} 56. Be4 {[%clk 0:13:19]} Be3
{[%clk 0:23:08]} 57. Rc6+ {[%clk 0:11:34]} Kd7 {[%clk 0:22:42]} 58. Ke5
{[%clk 0:11:09]} Ra2 {[%clk 0:20:45]} 59. f5 {[%clk 0:09:45]} Ra4
{[%clk 0:20:53]} 60. Rd6+ {[%clk 0:07:55]} Kc7 {[%clk 0:21:12]} 61. Rg6
{[%clk 0:08:09]} Bd4+ {[%clk 0:21:20]} 62. Ke6 {[%clk 0:08:16]} Ra5
{[%clk 0:21:29]} 63. Ke7 {[%clk 0:04:22]} Re5+ {[%clk 0:21:32]} 64. Kf7
{[%clk 0:02:11]} Kd7 {[%clk 0:21:30]} 65. Re6 {[%clk 0:02:22]} Ra5
{[%clk 0:21:51]} 66. Re7+ {[%clk 0:01:43]} Kd8 {[%clk 0:22:15]} 67. Re8+
{[%clk 0:00:39]} Kd7 {[%clk 0:22:43]} 68. Re6 {[%clk 0:00:43]} Re5
{[%clk 0:21:49]} 69. Rxe5 {[%clk 0:00:36]} Bxe5 {[%clk 0:22:17]} 70. Bd5
{[%clk 0:00:41]} Bd4 {[%clk 0:22:21]} 71. Bc4 {[%clk 0:00:59]} Bc3
{[%clk 0:22:24]} 72. f6 {[%clk 0:00:59]} Bd4 {[%clk 0:22:30]} 73. Kg6
{[%clk 0:01:02]} Bc3 {[%clk 0:22:47]} 74. Kf5 {[%clk 0:01:00]} Bb2
{[%clk 0:23:03]} 75. f7 {[%clk 0:00:46]} Ke7 {[%clk 0:22:56]} 76. Ke4
{[%clk 0:01:08]} Ba3 {[%clk 0:22:59]} 77. d4 {[%clk 0:01:28]} Bb4
{[%clk 0:23:25]} 78. Kf5 {[%clk 0:01:24]} Bc3 {[%clk 0:22:35]} 79. Ke5
{[%clk 0:01:51]} Bb2 {[%clk 0:22:24]} 80. Be6 {[%clk 0:02:08]} Bc3
{[%clk 0:22:26]} 81. Ke4 {[%clk 0:02:27]} Bb2 {[%clk 0:22:34]} 82. d5
{[%clk 0:02:46]} Ba3 {[%clk 0:21:16]} 83. Ke5 {[%clk 0:02:56]} Bd6+
{[%clk 0:21:07]} 84. Kf5 {[%clk 0:03:11]} Bb8 {[%clk 0:20:26]} 85. Kg6
{[%clk 0:02:56]} Be5 {[%clk 0:18:20]} 86. Kf5 {[%clk 0:03:20]} Bb8
{[%clk 0:18:43]} 87. Ke4 {[%clk 0:03:48]} Bd6 {[%clk 0:19:07]} 88. Kd4
{[%clk 0:04:14]} Ba3 {[%clk 0:19:11]} 89. Ke5 {[%clk 0:04:00]} Bd6+
{[%clk 0:19:34]} 90. Ke4 {[%clk 0:04:19]} Ba3 {[%clk 0:19:59]} 91. Kf5
{[%clk 0:04:45]} Bd6 {[%clk 0:20:23]} 92. Kg5 {[%clk 0:04:54]} Bb8
{[%clk 0:19:28]} 93. Kh6 {[%clk 0:04:53]} Be5 {[%clk 0:19:37]} 94. Kg6
{[%clk 0:05:14]} Bc3 {[%clk 0:19:09]} 95. d6+ {[%clk 0:05:29]} Kf8
{[%clk 0:19:34]} 96. Kf5 {[%clk 0:05:54]} Bb4 {[%clk 0:19:00]} 97. Ke5
{[%clk 0:06:13]} Ba3 {[%clk 0:19:00]} 98. Bc4 {[%clk 0:06:24]} Bb4
{[%clk 0:19:24]} 99. Ke6 {[%clk 0:06:47]} Bc5 {[%clk 0:19:19]} 100. Kd7
{[%clk 0:06:26]} Bb6 {[%clk 0:19:37]} 101. Kc6 {[%clk 0:06:01]} Ba5
{[%clk 0:19:43]} 102. Kb5 {[%clk 0:05:26]} Bd8 {[%clk 0:20:08]} 103. Ka6
{[%clk 0:05:49]} Kg7 {[%clk 0:19:58]} 104. Kb7 {[%clk 0:05:25]} Kf8
{[%clk 0:20:25]} 105. Be6 {[%clk 0:05:19]} Ba5 {[%clk 0:20:39]} 106. Kc8
{[%clk 0:05:09]} Bb6 {[%clk 0:21:02]} 107. Bc4 {[%clk 0:04:54]} Ba5
{[%clk 0:21:26]} 108. Kd7 {[%clk 0:05:07]} Bb6 {[%clk 0:21:49]} 109. Ke6
{[%clk 0:05:26]} Ba5 {[%clk 0:22:14]} 110. Bb5 {[%clk 0:05:46]} Bb6
{[%clk 0:22:38]} 111. Be8 {[%clk 0:06:10]} Ba5 {[%clk 0:23:01]} 112. Ba4
{[%clk 0:05:33]} Bb6 {[%clk 0:23:25]} 113. Bb3 {[%clk 0:05:53]} Ba5
{[%clk 0:23:51]} 114. Kd7 {[%clk 0:06:19]} Bb6 {[%clk 0:24:15]} 115. Kc8
{[%clk 0:06:46]} Ba5 {[%clk 0:24:41]} 116. d7 {[%clk 0:07:09]} Ke7
{[%clk 0:25:07]} 117. Bc4 {[%clk 0:07:32]} Bb6 {[%clk 0:25:32]} 118. Kb7
{[%clk 0:07:58]} Ba5 {[%clk 0:25:44]} 119. Ka6 {[%clk 0:07:51]} Bd8
{[%clk 0:25:54]} 1/2-1/2

[Event "MP do 16 lat - chlopcy"]
[Site "Sypniewo"]
[Date "2022.03.24"]
[Round "6.5"]
[White "Czernecki, Andrzej"]
[Black "Kolodziejski, Piotr"]
[Result "1/2-1/2"]
[BlackElo "2115"]
[WhiteElo "1848"]
[LiveChessVersion "1.4.8"]

1. e4 {[%clk 1:30:54]} c6 {[%clk 1:30:49]} 2. Nf3 {[%clk 1:31:15]} d5
{[%clk 1:31:11]} 3. Nc3 {[%clk 1:31:30]} dxe4 {[%clk 1:31:19]} 4. Nxe4
{[%clk 1:31:46]} Bg4 {[%clk 1:29:30]} 5. Bc4 {[%clk 1:25:57]} e6 {[%clk 1:28:49]}
6. h3 {[%clk 1:23:08]} Bxf3 {[%clk 1:23:14]} 7. Qxf3 {[%clk 1:23:06]} Nf6
{[%clk 1:15:54]} 8. Nxf6+ {[%clk 1:22:18]} Qxf6 {[%clk 1:15:51]} 9. Qg3
{[%clk 1:18:50]} Nd7 {[%clk 1:14:24]} 10. O-O {[%clk 1:14:48]} Be7
{[%clk 1:11:39]} 11. Qc7 {[%clk 1:12:55]} Rb8 {[%clk 1:08:52]} 12. d4
{[%clk 1:07:20]} Qxd4 {[%clk 0:56:37]} 13. Be3 {[%clk 0:59:53]} Qd6
{[%clk 0:48:11]} 14. Qxd6 {[%clk 0:56:44]} Bxd6 {[%clk 0:48:34]} 15. Bxa7
{[%clk 0:56:20]} Rd8 {[%clk 0:47:53]} 16. Be3 {[%clk 0:51:10]} Ke7
{[%clk 0:46:51]} 17. Rfd1 {[%clk 0:49:44]} Nf6 {[%clk 0:45:09]} 18. Bg5
{[%clk 0:49:00]} Rd7 {[%clk 0:44:03]} 19. Rd3 {[%clk 0:47:35]} Rhd8
{[%clk 0:39:42]} 20. a4 {[%clk 0:45:47]} h6 {[%clk 0:36:57]} 21. Bxf6+
{[%clk 0:46:02]} Kxf6 {[%clk 0:35:57]} 22. Rad1 {[%clk 0:46:14]} Ke7
{[%clk 0:36:20]} 23. Kf1 {[%clk 0:46:02]} Be5 {[%clk 0:36:12]} 24. Rxd7+
{[%clk 0:46:19]} Rxd7 {[%clk 0:36:37]} 25. Rxd7+ {[%clk 0:46:44]} Kxd7
{[%clk 0:37:04]} 26. b3 {[%clk 0:47:10]} Kd6 {[%clk 0:36:38]} 27. Ke2
{[%clk 0:47:32]} Kc5 {[%clk 0:36:48]} 28. g4 {[%clk 0:46:45]} Kd4
{[%clk 0:35:59]} 29. Bd3 {[%clk 0:46:31]} Bd6 {[%clk 0:34:49]} 30. h4
{[%clk 0:45:11]} Be7 {[%clk 0:34:11]} 31. h5 {[%clk 0:45:32]} Bb4
{[%clk 0:31:48]} 32. f4 {[%clk 0:44:58]} f6 {[%clk 0:31:27]} 33. Kf3
{[%clk 0:45:23]} e5 {[%clk 0:31:30]} 34. fxe5 {[%clk 0:45:22]} fxe5
{[%clk 0:31:53]} 35. Bf5 {[%clk 0:45:32]} Bc3 {[%clk 0:31:55]} 36. Bd3
{[%clk 0:45:51]} Bb4 {[%clk 0:32:16]} 37. Bf5 {[%clk 0:46:15]} Bc3
{[%clk 0:32:29]} 38. Bd3 {[%clk 0:46:39]} 1/2-1/2

[Event "MP do 16 lat - chlopcy"]
[Site "Sypniewo"]
[Date "2022.03.24"]
[Round "6.6"]
[White "Kejna, Piotr"]
[Black "Ciszewski, Krzysztof"]
[Result "0-1"]
[BlackElo "1939"]
[WhiteElo "2037"]
[LiveChessVersion "1.4.8"]

1. e4 {[%clk 1:30:59]} c5 {[%clk 1:30:54]} 2. b3 {[%clk 1:31:26]} d6
{[%clk 1:29:39]} 3. Bb2 {[%clk 1:31:43]} Nf6 {[%clk 1:29:34]} 4. Nc3
{[%clk 1:31:45]} Nc6 {[%clk 1:25:33]} 5. Bb5 {[%clk 1:31:51]} Bd7
{[%clk 1:25:03]} 6. f4 {[%clk 1:30:28]} a6 {[%clk 1:20:17]} 7. Bxc6
{[%clk 1:30:52]} Bxc6 {[%clk 1:20:39]} 8. d3 {[%clk 1:29:48]} e6 {[%clk 1:12:17]}
9. Nf3 {[%clk 1:29:03]} Be7 {[%clk 1:12:18]} 10. O-O {[%clk 1:25:56]} b5
{[%clk 1:10:07]} 11. Qe2 {[%clk 1:15:45]} c4 {[%clk 0:42:19]} 12. dxc4
{[%clk 1:07:32]} b4 {[%clk 0:36:44]} 13. Nd5 {[%clk 1:07:32]} exd5
{[%clk 0:34:31]} 14. exd5 {[%clk 1:08:01]} Bb7 {[%clk 0:33:35]} 15. Rae1
{[%clk 1:03:41]} Kf8 {[%clk 0:28:02]} 16. Nd4 {[%clk 0:59:34]} Qd7
{[%clk 0:27:08]} 17. Nf5 {[%clk 0:53:34]} Re8 {[%clk 0:26:54]} 18. Bxf6
{[%clk 0:52:42]} gxf6 {[%clk 0:19:33]} 19. Qh5 {[%clk 0:51:28]} h6
{[%clk 0:19:51]} 20. Re3 {[%clk 0:45:04]} Bd8 {[%clk 0:17:50]} 21. Qg4
{[%clk 0:31:58]} Rg8 {[%clk 0:16:27]} 22. Rxe8+ {[%clk 0:31:44]} Qxe8
{[%clk 0:16:54]} 23. Qh5 {[%clk 0:31:21]} Bb6+ {[%clk 0:10:40]} 24. Kh1
{[%clk 0:31:36]} Rg6 {[%clk 0:10:41]} 25. Nxd6 {[%clk 0:31:37]} Qe7
{[%clk 0:10:30]} 26. Nf5 {[%clk 0:28:31]} Qe4 {[%clk 0:10:05]} 27. Ng3
{[%clk 0:28:48]} Qxc2 {[%clk 0:09:10]} 28. f5 {[%clk 0:28:36]} Rg7
{[%clk 0:08:22]} 29. Qxh6 {[%clk 0:28:22]} Bd4 {[%clk 0:07:59]} 30. Qf4
{[%clk 0:19:13]} Be5 {[%clk 0:07:43]} 31. Qe3 {[%clk 0:18:19]} Qc3
{[%clk 0:06:13]} 32. Qc5+ {[%clk 0:10:32]} Kg8 {[%clk 0:06:01]} 33. Rf3
{[%clk 0:08:16]} Qc1+ {[%clk 0:05:04]} 34. Nf1 {[%clk 0:08:05]} Qb2
{[%clk 0:04:58]} 35. Rf2 {[%clk 0:07:08]} Bd4 {[%clk 0:04:48]} 36. Rxb2
{[%clk 0:07:26]} Bxc5 {[%clk 0:05:16]} 37. h3 {[%clk 0:06:55]} Kh7
{[%clk 0:04:23]} 38. Re2 {[%clk 0:05:47]} Bc8 {[%clk 0:04:29]} 39. g4
{[%clk 0:02:03]} Bxf5 {[%clk 0:04:14]} 40. Ng3 {[%clk 0:31:51]} Bg6
{[%clk 0:32:05]} 41. h4 {[%clk 0:26:10]} Rg8 {[%clk 0:15:50]} 42. Kg2
{[%clk 0:18:18]} Bd6 {[%clk 0:10:58]} 43. h5 {[%clk 0:17:13]} Bc2
{[%clk 0:05:50]} 44. c5 {[%clk 0:14:40]} Be5 {[%clk 0:04:36]} 45. Kh3
{[%clk 0:06:12]} Bd1 {[%clk 0:04:54]} 46. Re4 {[%clk 0:06:35]} Bf3
{[%clk 0:05:19]} 47. Rxb4 {[%clk 0:06:09]} Bxd5 {[%clk 0:05:26]} 48. Nf5
{[%clk 0:05:59]} Rc8 {[%clk 0:03:59]} 49. Rb6 {[%clk 0:02:36]} Rxc5
{[%clk 0:04:09]} 50. Rxa6 {[%clk 0:02:30]} Rc3+ {[%clk 0:04:36]} 51. Kh4
{[%clk 0:02:53]} Be6 {[%clk 0:02:40]} 52. Ra4 {[%clk 0:02:07]} Rf3
{[%clk 0:02:19]} 53. Re4 {[%clk 0:01:59]} Bf4 {[%clk 0:01:55]} 0-1

[Event "MP do 16 lat - chlopcy"]
[Site "Sypniewo"]
[Date "2022.03.24"]
[Round "6.7"]
[White "Backiel, Hubert"]
[Black "Maslanka, Wojciech"]
[Result "1-0"]
[BlackElo "1980"]
[WhiteElo "2075"]
[LiveChessVersion "1.4.8"]

1. e4 {[%clk 1:23:05]} c6 {[%clk 1:30:57]} 2. d4 {[%clk 1:22:45]} d5
{[%clk 1:31:20]} 3. e5 {[%clk 1:23:10]} Bf5 {[%clk 1:31:45]} 4. Nf3
{[%clk 1:23:02]} e6 {[%clk 1:32:08]} 5. Be2 {[%clk 1:23:23]} Nd7 {[%clk 1:32:13]}
6. O-O {[%clk 1:23:41]} h6 {[%clk 1:32:33]} 7. a4 {[%clk 1:23:32]} g5
{[%clk 1:32:31]} 8. a5 {[%clk 1:12:03]} Ne7 {[%clk 1:32:22]} 9. b4
{[%clk 1:11:52]} Ng6 {[%clk 1:31:24]} 10. c3 {[%clk 1:11:02]} Be7
{[%clk 1:29:10]} 11. Ne1 {[%clk 1:05:07]} Qc7 {[%clk 1:12:59]} 12. Bd3
{[%clk 0:53:44]} Ndf8 {[%clk 1:07:31]} 13. Nd2 {[%clk 0:45:12]} Nf4
{[%clk 1:04:47]} 14. Bxf5 {[%clk 0:42:05]} exf5 {[%clk 1:05:09]} 15. Nb3
{[%clk 0:42:12]} N8g6 {[%clk 0:58:41]} 16. Qc2 {[%clk 0:39:55]} Qd7
{[%clk 0:57:56]} 17. Bxf4 {[%clk 0:32:45]} Nxf4 {[%clk 0:57:14]} 18. Nd3
{[%clk 0:33:12]} Nxd3 {[%clk 0:53:59]} 19. Qxd3 {[%clk 0:33:38]} O-O
{[%clk 0:52:59]} 20. f4 {[%clk 0:27:24]} g4 {[%clk 0:53:18]} 21. Rfe1
{[%clk 0:23:29]} b5 {[%clk 0:47:54]} 22. Nd2 {[%clk 0:20:07]} Kg7
{[%clk 0:46:51]} 23. Nf1 {[%clk 0:16:32]} Kg6 {[%clk 0:45:10]} 24. h3
{[%clk 0:14:46]} h5 {[%clk 0:44:32]} 25. hxg4 {[%clk 0:12:32]} hxg4
{[%clk 0:44:51]} 26. Ne3 {[%clk 0:13:00]} Rh8 {[%clk 0:43:48]} 27. Nxg4
{[%clk 0:13:15]} Rh4 {[%clk 0:44:08]} 28. e6 {[%clk 0:13:09]} Qc7
{[%clk 0:43:18]} 29. Ne5+ {[%clk 0:13:07]} Kf6 {[%clk 0:43:41]} 30. Qg3
{[%clk 0:12:38]} 1-0

[Event "MP do 16 lat - chlopcy"]
[Site "Sypniewo"]
[Date "2022.03.24"]
[Round "6.8"]
[White "Wnek, Filip"]
[Black "Jedraszek, Pawel"]
[Result "1/2-1/2"]
[BlackElo "1954"]
[WhiteElo "2033"]
[LiveChessVersion "1.4.8"]

1. e4 {[%clk 1:30:57]} e5 {[%clk 1:30:44]} 2. Nf3 {[%clk 1:31:16]} Nc6
{[%clk 1:31:08]} 3. d4 {[%clk 1:31:14]} exd4 {[%clk 1:31:23]} 4. Nxd4
{[%clk 1:31:37]} Nf6 {[%clk 1:31:28]} 5. Nc3 {[%clk 1:31:59]} Bb4
{[%clk 1:31:27]} 6. Nxc6 {[%clk 1:32:18]} bxc6 {[%clk 1:31:50]} 7. Bd3
{[%clk 1:32:39]} d5 {[%clk 1:31:40]} 8. exd5 {[%clk 1:33:02]} cxd5
{[%clk 1:31:57]} 9. O-O {[%clk 1:33:23]} O-O {[%clk 1:31:49]} 10. Bg5
{[%clk 1:33:27]} c6 {[%clk 1:31:45]} 11. Qf3 {[%clk 1:33:50]} Bd6
{[%clk 1:29:46]} 12. h3 {[%clk 1:33:10]} Rb8 {[%clk 1:27:54]} 13. Rab1
{[%clk 1:31:07]} h6 {[%clk 1:22:25]} 14. Bf4 {[%clk 1:20:41]} Re8
{[%clk 1:18:14]} 15. b3 {[%clk 1:13:45]} Be6 {[%clk 1:07:37]} 16. Rbd1
{[%clk 1:09:47]} Bxf4 {[%clk 0:57:11]} 17. Qxf4 {[%clk 1:10:02]} Qa5
{[%clk 0:57:22]} 18. Qd2 {[%clk 0:59:07]} Qc7 {[%clk 0:51:14]} 19. Na4
{[%clk 0:45:35]} c5 {[%clk 0:47:37]} 20. c3 {[%clk 0:41:12]} Bd7 {[%clk 0:43:57]}
21. Nb2 {[%clk 0:41:05]} Bc6 {[%clk 0:39:59]} 22. Rfe1 {[%clk 0:38:11]} Qa5
{[%clk 0:33:40]} 23. Rxe8+ {[%clk 0:31:19]} Rxe8 {[%clk 0:33:54]} 24. a4
{[%clk 0:30:26]} Rb8 {[%clk 0:29:04]} 25. Bc2 {[%clk 0:29:00]} Qb6
{[%clk 0:29:08]} 26. Qf4 {[%clk 0:24:22]} a5 {[%clk 0:27:09]} 27. Nd3
{[%clk 0:20:31]} Re8 {[%clk 0:23:29]} 28. Re1 {[%clk 0:17:58]} Rxe1+
{[%clk 0:17:48]} 29. Nxe1 {[%clk 0:17:34]} Bd7 {[%clk 0:15:16]} 30. Nd3
{[%clk 0:15:29]} Be6 {[%clk 0:14:09]} 31. Qf3 {[%clk 0:10:20]} Qd6
{[%clk 0:11:04]} 32. Nf4 {[%clk 0:09:41]} Qe5 1/2-1/2

[Event "MP do 16 lat - chlopcy"]
[Site "Sypniewo"]
[Date "2022.03.24"]
[Round "6.9"]
[White "Kutowski, Marcel"]
[Black "Kazmierowski, Tymon"]
[Result "1/2-1/2"]
[BlackElo "2032"]
[WhiteElo "1914"]
[LiveChessVersion "1.4.8"]

1. e4 {[%clk 1:30:57]} c5 {[%clk 1:30:54]} 2. Nf3 {[%clk 1:31:23]} Nc6
{[%clk 1:31:16]} 3. d4 {[%clk 1:31:29]} cxd4 {[%clk 1:31:40]} 4. Nxd4
{[%clk 1:31:54]} g6 {[%clk 1:32:03]} 5. c4 {[%clk 1:30:08]} Bg7 {[%clk 1:32:25]}
6. Be3 {[%clk 1:30:31]} Nf6 {[%clk 1:32:48]} 7. Nc3 {[%clk 1:30:53]} d6
{[%clk 1:33:12]} 8. Be2 {[%clk 1:28:34]} O-O {[%clk 1:33:28]} 9. O-O
{[%clk 1:28:00]} Bd7 {[%clk 1:33:51]} 10. Rc1 {[%clk 1:26:15]} Nxd4
{[%clk 1:34:06]} 11. Bxd4 {[%clk 1:26:33]} a5 {[%clk 1:34:26]} 12. Qd2
{[%clk 1:13:22]} Bc6 {[%clk 1:34:10]} 13. f3 {[%clk 1:13:42]} Nd7
{[%clk 1:32:18]} 14. Be3 {[%clk 1:12:53]} a4 {[%clk 1:30:35]} 15. Rfd1
{[%clk 1:04:48]} Qa5 {[%clk 1:27:02]} 16. Nd5 {[%clk 1:03:05]} Bxd5
{[%clk 1:27:15]} 17. cxd5 {[%clk 1:02:40]} Qxd2 {[%clk 1:20:32]} 18. Rxd2
{[%clk 1:02:37]} Rfc8 {[%clk 1:16:42]} 19. Rdc2 {[%clk 0:49:39]} Rxc2
{[%clk 1:09:22]} 20. Rxc2 {[%clk 0:50:01]} Nc5 {[%clk 1:09:44]} 21. Bxc5
{[%clk 0:40:38]} dxc5 {[%clk 1:10:12]} 22. g3 {[%clk 0:38:59]} Bd4+
{[%clk 1:05:30]} 23. Kg2 {[%clk 0:39:04]} a3 {[%clk 0:51:19]} 24. b3
{[%clk 0:34:33]} Kg7 {[%clk 0:51:01]} 25. f4 {[%clk 0:32:33]} Rd8
{[%clk 0:49:48]} 26. Bc4 {[%clk 0:31:09]} Rb8 {[%clk 0:48:09]} 27. Bb5
{[%clk 0:31:14]} Rd8 {[%clk 0:44:46]} 28. Bc4 {[%clk 0:31:32]} Rb8
{[%clk 0:45:09]} 29. Bb5 {[%clk 0:31:58]} Rd8 {[%clk 0:45:34]} 30. Bc4
{[%clk 0:32:25]} Rb8 {[%clk 0:45:57]} 1/2-1/2